000 02017pam a22004091i 4500
001 991014681349707026
003 UkOxU
005 20251114161546.0
006 m || d |
007 cr |||||||||||
008 210222s2021 enk o 000|f|eng d
015 _aGBC170177
_2bnb
020 _a9780356514758
035 _a022615942-44oxf_inst
035 _a(UkOxU)022615942
035 _a(Uk)020182295
037 _a9780356514734
_bHachette UK
040 _aStDuBDS
_beng
_erda
_epn
_cStDuBDS
_dUk
042 _aukblsr
050 _aPR6114.O777
_bN68 2021
100 _aNorth, Claire
_eauthor
_926321
245 1 0 _aNotes from the burning age
_c/ Claire North.
264 1 _aLondon :
_bOrbit,
_c2021.
300 _a437 pages ;
_c24 cm.
520 _aFrom one of the most imaginative writers of her generation comes an extraordinary vision of the future. Ven was once a holy man, a keeper of ancient archives. It was his duty to interpret archaic texts, sorting useful knowledge from the heretical ideas of the Burning Age – a time of excess and climate disaster. For in Ven’s world, such material must be closely guarded, so that the ills that led to that cataclysmic era can never be repeated. But when the revolutionary Brotherhood approaches Ven, pressuring him to translate stolen writings that threaten everything he once held dear, his life will be turned upside down. Torn between friendship and faith, Ven must decide how far he’s willing to go to save this new world, and how much he is willing to lose.
650 0 _aArchivists
_vFiction
_926516
650 0 _aTranslators
_vFiction
_926517
650 0 _aPriests
_vFiction
_926518
650 0 _aRevolutionaries
_vFiction
_926519
650 0 _aEnvironmental disasters
_vFiction
_926520
650 0 _aDystopias
_vFiction
_924119
650 0 _aImaginary wars and battles
_vFiction
_924133
655 0 _aApocalyptic fiction
_926521
655 0 _aThrillers (Fiction)
_922669
776 0 8 _iPrint version :
_z9780356514758
942 _2lcc
999 _c5183
_d5183